000 00645nam a2200217 4500
003 OSt
005 20240726081514.0
006 a
008 240726b |||||||| |||| 00| 0 eng d
020 _a9780470577660
040 _aDWCL-Main lib.
_cOC
082 _aCirc. 005.58 W874t 2010
100 _aWood, William
245 _aTeach yourself visually powerpoint 2010 /
260 _aIndiana :
_bWiley Pub. , Inc. ,
_cc2010.
300 _b305 p. : col. ill. ;
_c24 cm.
504 _aIncludes index.
650 _a1. Microsoft Powerpoint ( computer file).
650 _a2. Presentation graphics software.
942 _2ddc
_n0
_cBK-CIRC
_kCirc.
999 _c2832
_d2832